Reconfiguring cultural differences

Saved in:
Bibliographic Details
Main Author: Koenig, Matthias (Author)
Format: Article (Journal)
Language:English
Published: 2019
In: Social science history
Year: 2019, Volume: 43, Issue: 2, Pages: 369-378
ISSN:0145-5532
Online Access: Get full text
Author Notes:Matthias Koenig

MARC

LEADER 00000caa a2200000 c 4500
001 1757073264
003 DE-627
005 20220819193314.0
007 tu
008 210504s2019 xx ||||| 00| ||eng c
035 |a (DE-627)1757073264 
035 |a (DE-599)KXP1757073264 
035 |a (OCoLC)1341407972 
040 |a DE-627  |b ger  |c DE-627  |e rda 
041 |a eng 
084 |a 14  |2 sdnb 
100 1 |a Koenig, Matthias  |d 1971-  |e VerfasserIn  |0 (DE-588)12493174X  |0 (DE-627)503028061  |0 (DE-576)265385474  |4 aut 
245 1 0 |a Reconfiguring cultural differences  |c Matthias Koenig 
264 1 |c 2019 
300 |a 10 
336 |a Text  |b txt  |2 rdacontent 
337 |a ohne Hilfsmittel zu benutzen  |b n  |2 rdamedia 
338 |a Band  |b nc  |2 rdacarrier 
773 0 8 |i Enthalten in  |t Social science history  |d Cambridge : Cambridge University Press, 1976  |g 43(2019), 2, Seite 369-378  |w (DE-627)130040002  |w (DE-600)429724-6  |w (DE-576)015581462  |x 0145-5532  |7 nnas  |a Reconfiguring cultural differences 
773 1 8 |g volume:43  |g year:2019  |g number:2  |g pages:369-378  |g extent:10  |a Reconfiguring cultural differences 
776 0 8 |i Erscheint auch als  |n Online-Ausgabe  |a Koenig, Matthias, 1971 -   |t Reconfiguring cultural differences  |d 2019  |w (DE-627)1757072586 
951 |a AR 
992 |a 20210504 
993 |a Article 
998 |g 12493174X  |a Koenig, Matthias  |m 12493174X:Koenig, Matthias  |d 910000  |d 950000  |d 950950  |e 910000PK12493174X  |e 950000PK12493174X  |e 950950PK12493174X  |k 0/910000/  |k 1/910000/950000/  |k 2/910000/950000/950950/  |p 1  |x j  |y j 
999 |a KXP-PPN1757073264  |e 3922791239 
BIB |a Y 
SER |a journal 
JSO |a {"relHost":[{"recId":"130040002","corporate":[{"display":"Social Science History Association","role":"isb"}],"pubHistory":["1.1976/77 - 48.2024"],"physDesc":[{"noteFormat":"23 cm"}],"type":{"bibl":"periodical"},"id":{"eki":["130040002"],"issn":["0145-5532"],"zdb":["429724-6"]},"title":[{"title_sort":"Social science history","subtitle":"the official journal of the Social Science History Association","title":"Social science history"}],"origin":[{"dateIssuedDisp":"1976-2024","publisher":"Cambridge University Press ; University Center for International Studies, University of Pittsburgh ; Sage Publ. ; Duke Univ. Press","publisherPlace":"Cambridge ; Pittsburgh, Pa. ; London ; Durham, NC","dateIssuedKey":"1976"}],"part":{"extent":"10","year":"2019","pages":"369-378","volume":"43","text":"43(2019), 2, Seite 369-378","issue":"2"},"disp":"Reconfiguring cultural differencesSocial science history","note":["Fortgesetzt als Online-Ausgabe"],"titleAlt":[{"title":"the official organ of the Social Science History Association"}],"language":["eng"]}],"recId":"1757073264","type":{"bibl":"article-journal"},"physDesc":[{"extent":"10 S."}],"id":{"eki":["1757073264"]},"name":{"displayForm":["Matthias Koenig"]},"person":[{"family":"Koenig","role":"aut","display":"Koenig, Matthias","given":"Matthias"}],"title":[{"title":"Reconfiguring cultural differences","title_sort":"Reconfiguring cultural differences"}],"origin":[{"dateIssuedKey":"2019","dateIssuedDisp":"2019"}],"language":["eng"]} 
SRT |a KOENIGMATTRECONFIGUR2019